000 00585nam a22001937a 4500
005 20251108165824.0
008 250721s2000 xx 000 0 ara d
082 1 4 _a646.72/تصف
100 1 _aرستم، علي
_eمترجم
245 1 0 _aتصفيف الشعر في المنزل :
_bدليل الخطوة خطوة لشعر رائع المنظر /
250 _aط4
264 1 _aدمشق :
_bدار المعرفة،
_c2000.
300 _a176ص
650 1 7 _aالمظهر الشخصي
650 1 7 _aالتجميل
650 1 7 _aالشعر
942 _2ddc
_cBK
999 _c32179
_d32179